Statistiques concernant Clubs de foot des plus grands championnats

Cliquez ici pour prendre le quiz!

Statistiques générales

  • Ce quiz a été pris 76 fois
  • Le résultat moyen est 61 sur 328

Statistiques - réponses

LigueRéponse% Correct
Premier LeagueManchester United
92%
Premier LeagueManchester City
91%
Premier League | Primera DivisiónArsenal
88%
Premier LeagueChelsea
88%
Premier LeagueLiverpool
83%
La LigaReal Madrid
78%
La LigaFC Barcelone
74%
Ligue 1Olympique lyonnais
72%
Premier LeagueTottenham
72%
Ligue 1Olympique de Marseille
68%
Premier LeagueAston Villa
66%
Ligue 1Paris Saint-Germain
65%
Premier LeagueWestham
63%
Premier LeagueBrighton
60%
Serie AInter Milan
60%
Premier LeagueNewcastle
60%
La LigaAtlético de Madrid
58%
BundesligaBayern Munich
58%
Premier LeagueEverton
58%
Serie AAC Milan
57%
Serie AJuventus
57%
BundesligaBayer 04 Leverkusen
54%
BundesligaBorussia Dortmund
54%
La LigaSéville FC
54%
La LigaReal Sociedad
52%
Ligue 1FC Nantes
51%
Ligue 1LOSC Lille
49%
Ligue 1RC Lens
49%
Premier LeagueWolves
49%
Serie ALazio
48%
Ligue 1OGC Nice
48%
Ligue 1Toulouse FC
48%
ErediviseAjax
46%
Premier LeagueBrentford
46%
Liga PortugalPorto
46%
La LigaReal Betis
46%
Ligue 1Stade rennais FC
46%
Ligue 1AS Monaco
45%
Liga PortugalBenfica
45%
Ligue 1Montpellier HSC
45%
La LigaValence CF
45%
BundesligaRB Leipzig
43%
Ligue 1RC Strasbourg
43%
Premier LeagueBournemouth
42%
Premier LeagueCrystal Palace
42%
Serie ANapoli
42%
EredivisePSV
40%
Serie ARoma
40%
Ligue 1Stade brestois 29
40%
Serie AAtalanta
38%
Ligue 1Clermont Foot 63
38%
Ligue 1FC Metz
38%
MLSInter Miami
38%
Ligue 1Le Havre AC
38%
Ligue 1Stade de Reims
38%
Scotthish PremiershipCeltic
37%
BundesligaEintracht Francfort
37%
Premier LeagueFulham
37%
Premier LeagueLuton Town
37%
Premier LeagueNottingham Forest
37%
Liga PortugalSporting CP
37%
La LigaDeportivo Alavés
35%
Premier LeagueSheffield United
35%
Primera DivisiónUnión
35%
La LigaVillarreal CF
35%
BundesligaBorussia Mönchengladbach
34%
Ligue 1FC Lorient
34%
BundesligaFC Union Berlin
34%
Liga PortugalBraga
32%
SuperLeague SuisseFC Bâle
32%
ErediviseFeyenoord
32%
MLSLos Angeles Galaxy
32%
Scotthish PremiershipRangers
32%
Pro LeagueClub Bruges
31%
BundesligaFC Cologne
31%
Serie AFiorentina
31%
Série A BrésilFlamengo
31%
Serie AGenoa
31%
MLSLos Angeles FC
31%
BundesligaVfB Stuttgart
31%
BundesligaWerder Brême
31%
SuperLeague SuisseYoung Boys
31%
Premier LeagueBurnley
29%
La LigaCA Osasuna
29%
La LigaGirona FC
29%
Série A BrésilSantos
29%
Bundesliga AutricheSK Rapid Vienne
29%
Bundesliga AutricheFK Autriche Vienne
28%
Serie ALecce
28%
La LigaRCD Majorque
28%
Pro LeagueRSC Anderlecht
28%
Serie ASassuolo
28%
ErediviseAZ
26%
Primera DivisiónBoca Juniors
26%
La LigaGetafe CF
26%
MLSNew York City FC
26%
La LigaRayo Vallecano
26%
Superliga SerbeRed Star
26%
Serie ATorino
26%
SuperLeague SuisseFC Zurich
25%
Série A BrésilFluminense
25%
MLSRed Bulls de New York
25%
Série A BrésilSão Paulo
25%
BundesligaTSG Hoffenheim
25%
BundesligaFSV Mayence 05
23%
La LigaGrenade CF
23%
Serie ABologna
22%
La LigaCelta de Vigo
22%
MLSChicago Fire
22%
Pro LeagueKRC Genk
22%
Serie ASalernitana
22%
BundesligaSC Fribourg
22%
SuperLeague SuisseServette FC
22%
Serie AUdinese
22%
Scotthish PremiershipAberdeen
20%
La LigaCadix CF
20%
Serie AMonza
20%
Primera DivisiónRiver Plate
20%
Pro LeagueStandard de Liège
20%
Primera DivisiónTigre
20%
Pro LeagueUnion saint-gilloise
20%
BundesligaVfL Bochum
20%
Serie ACagliari
18%
Pro LeagueCercle Bruges
18%
BundesligaSV Darmstadt 98
18%
BundesligaFC Augsbourg
17%
ErediviseFC Twente
17%
Serie AHellas Verona
17%
Bundesliga AutricheLASK
17%
BundesligaVfL Wolfsburg
17%
Série A BrésilBotafogo
15%
Serie AEmpoli
15%
BundesligaFC Heidenheim
15%
Serie AFrosinone
15%
Pro LeagueKAA La Gantoise
15%
Série A BrésilPalmeiras
15%
Pro LeagueRoyal Antwerp FC
15%
La LigaAthletic Club
14%
Liga PortugalBoavista
14%
ErediviseFC Utrecht
14%
SuperLeague SuisseGrasshopper Club Zurich
14%
Série A BrésilGrêmio
14%
MLSOrlando City SC
14%
ErediviseSparta Rotterdam
14%
ErediviseVitesse
14%
MLSAtlanta United
12%
Série A BrésilCorinthians
12%
MLSD.C. United
12%
SuperLeague SuisseFC Lausanne-Sport
12%
Superliga SerbePartizan
12%
MLSToronto FC
12%
J-LeagueVissel Kobe
12%
MLSWhitecaps de Vancouver
12%
MLSAustin FC
11%
MLSCF Montréal
11%
Liga PortugalFamalicão
11%
Série A BrésilInternacional
11%
Liga PortugalRio Ave
11%
Liga PortugalVitória de Guimarães
11%
Liga MXAmérica
9%
MLSCharlotte FC
9%
Liga PortugalChaves
9%
MLSFC Dallas
9%
J-LeagueFC Tokyo
9%
Pro LeagueKV Malines
9%
Primera DivisiónSan Lorenzo de Almagro
9%
Bundesliga AutricheSK Sturm Graz
9%
MLSSounders de Seattle
9%
Pro LeagueSporting Charleroi
9%
MLSTimbers de Portland
9%
La LigaUD Almería
9%
Primera DivisiónBelgrano (Córdoba)
8%
J-LeagueCerezo Osaka
8%
Liga MXCruz Azul
8%
J-LeagueGamba Osaka
8%
Primera DivisiónGodoy Cruz
8%
Liga MXGuadalajara
8%
Primera DivisiónIndependiente
8%
Pro LeagueKAS Eupen
8%
Primera DivisiónLanús
8%
Liga MXMonterrey
8%
EredivisePEC Zwolle
8%
Primera DivisiónRacing Club
8%
Botola Pro 1Raja CA
8%
Primera DivisiónRosario Central
8%
MLSUnion de Philadelphie
8%
Primera DivisiónVélez Sarsfield
8%
Liga PortugalVizela
8%
Botola Pro 1Wydad AC
8%
Liga PortugalArouca
6%
Série A BrésilAtlético Mineiro
6%
Série A BrésilCruzeiro
6%
Scotthish PremiershipDundee
6%
MLSEarthquakes de San José
6%
Primera DivisiónEstudiantes
6%
MLSFC Cincinnati
6%
SuperLeague SuisseFC Lucerne
6%
SuperLeague SuisseFC Lugano
6%
ErediviseFC Volendam
6%
Liga PortugalMarítimo
6%
MLSNashville SC
6%
ErediviseNEC
6%
Primera DivisiónNewell's Old Boys
6%
Pro LeagueOH Louvain
6%
Liga PortugalSanta Clara
6%
Superliga SerbeSpartak
6%
MLSSporting de Kansas City
6%
Liga MXTijuana
6%
Primera DivisiónArgentinos Juniors
5%
Série A BrésilBragantino
5%
Liga PortugalCasa Pia
5%
Primera DivisiónCentral Córdoba
5%
Liga PortugalEstoril
5%
ErediviseExcelsior
5%
ErediviseFortuna Sittard
5%
Liga PortugalGil Vicente
5%
Série A BrésilGoiás
5%
ErediviseHeracles Almelo
5%
Scotthish PremiershipHibernian
5%
Primera DivisiónInstituto (Córdoba) P
5%
MLSMinnesota United
5%
Liga PortugalPortimonense
5%
MLSReal Salt Lake
5%
MLSRevolution de la Nouvelle-Angleterre
5%
Pro LeagueRWD Molenbeek
5%
La LigaUD Las Palmas
5%
ErediviseAlmere City
3%
Liga MXAtlas
3%
Série A BrésilAtlético Paranaense
3%
Liga MXAtlético San Luis
3%
Série A BrésilBahia
3%
Primera DivisiónBanfield
3%
Série A BrésilCoritiba
3%
MLSCrew de Columbus
3%
Série A BrésilCuiabá
3%
Primera DivisiónDefensa y Justicia
3%
SuperLeague SuisseFC Saint-Gall
3%
SuperLeague SuisseFC Stade Lausanne Ouchy
3%
SuperLeague SuisseFC Winterthour
3%
Série A BrésilFortaleza
3%
ErediviseGo Ahead Eagles
3%
Scotthish PremiershipHeart of Midlothian
3%
Primera DivisiónHuracán
3%
J-LeagueKashima Antlers
3%
J-LeagueKashiwa Reysol
3%
Scotthish PremiershipKilmarnock
3%
Pro LeagueKV Courtrai
3%
Scotthish PremiershipLivingston
3%
Scotthish PremiershipMotherwell
3%
J-LeagueNagoya Grampus
3%
Liga MXNecaxa
3%
Liga MXPachuca
3%
Liga MXQuerétaro
3%
MLSRapids du Colorado
3%
ErediviseRKC Waalwijk
3%
Scotthish PremiershipRoss County
3%
Bundesliga AutricheSC Autriche Lustenau
3%
ErediviseSC Heerenveen
3%
MLSSt. Louis City SC
3%
Scotthish PremiershipSt Mirren
3%
Primera DivisiónTalleres
3%
Liga MXUNAM
3%
Série A BrésilVasco da Gama
3%
SuperLeague SuisseYverdon Sport FC
3%
Botola Pro 1AS FAR
2%
Primera DivisiónAtlético Tucumán
2%
Primera DivisiónBarracas Central
2%
Primera DivisiónColón
2%
Superliga SerbieČukarički
2%
Bundesliga AutricheFC Blau-Weiss Linz
2%
Primera DivisiónGimnasia y Esgrima
2%
J-LeagueHokkaido Consadole Sapporo
2%
Botola Pro 1Jeunesse Soualem
2%
Liga MXJuárez
2%
J-LeagueKyoto Sanga
2%
Liga MXLeón
2%
Botola Pro 1Maghreb de Fès
2%
Liga MXMazatlán
2%
Liga PortugalPaços de Ferreira
2%
Primera DivisiónPlatense
2%
Liga MXPuebla
2%
Botola Pro 1RS Berkane
2%
Pro LeagueSaint-Trond VV
2%
J-LeagueSanfrecce Hiroshima
2%
Liga MXSantos Laguna
2%
Primera DivisiónSarmiento
2%
Bundesliga AutricheSCR Altach
2%
Bundesliga AutricheSK Autriche Klagenfurt
2%
Scotthish PremiershipSt Johnstone
2%
Liga MXToluca
2%
Superliga SerbeTSC
2%
J-LeagueUrawa Red Diamonds
2%
Superliga SerbeVojvodina
2%
Bundesliga AutricheWSG Tyrol
2%
J-LeagueYokohama FC
2%
J-LeagueYokohama F. Marinos
2%
Botola Pro 1Youssoufia Berrechid
2%
Bundesliga AutricheAC Wolfsberger
0%
J-LeagueAlbirex Niigata
0%
Série A BrésilAmérica Mineiro
0%
J-LeagueAvispa Fukuoka
0%
Botola Pro 1Difaâ El Jadida
0%
Botola Pro 1Fath Union Sport
0%
Bundesliga AutricheFC Red Bull Salzbourg
0%
Botola Pro 1Hassania Agadir
0%
Superliga SerbeIMT
0%
Superliga SerbeJavor-Matis
0%
J-LeagueKawasaki Frontale
0%
Botola Pro 1MC Oujda
0%
Superliga SerbeMladost
0%
Botola Pro 1Moghreb Tétouan
0%
Superliga SerbeNapredak
0%
Superliga SerbeNovi Pazar
0%
Botola Pro 1Olympique Safi
0%
Superliga SerbeRadnički
0%
Superliga SerbeRadnički 1923
0%
Superliga SerbeRadnik
0%
Botola Pro 1Renaissance Zemamra
0%
J-LeagueSagan Tosu
0%
Botola Pro 1SCC Mohammédia
0%
J-LeagueShonan Bellmare
0%
Pro LeagueStade Jan Breydel
0%
Bundesliga AutricheTSV Hartberg
0%
Liga MXUANL
0%
Botola Pro 1Union de Touarga
0%
Superliga SerbeVoždovac
0%
Superliga SerbeŽelezničar
0%

Distribution des résultats

Percentile par nombre de réponses

% des personnes avec chaque résultat

Votre développement - résultats

Vous n’avez pas pris ce quiz